000 00603nam a2200193Ia 4500
008 151121s9999||||xx |||||||||||||| ||und||
082 _a813/अभ्यंक
082 _bHNW-43115
100 _aअभ्यंकर
245 _aमी हरले ती जिंकली
260 _bदीपज्योती प्रकाशन
260 _c--
300 _a178
600 _aअभ्यंकर
630 _aमी हरले ती जिंकली
700 _aअभ्यंकर
730 _aमी हरले ती जिंकली
942 _cBOOK
999 _c1231388
_d1231385